000 01266cam a22004214i 4500
003 PE-LiUPU
005 20250731184555.0
008 150625s r 000 0 d
035 _a(Sirsi) a38182
040 _aPE-LiUPU
_bspa
_cPE-LiUPU
_erda
082 0 4 _a902.029
_bB17
_221
100 1 _aPolibio,
_eautor.
245 1 0 _aHistorias /
_cPolibio.
264 1 _aMadrid :
_bGredos,
_c1983.
300 _a524 páginas ;
_c20 cm.
336 _atext
_2rdacontent
337 _aunmediated
_2rdamedia
338 _avolume
_2rdacarrier
490 0 _aBiblioteca clásica ;
_v58
505 0 _aLibros XVI - XXXIX.
526 _aP136
526 _aP135
526 _aP134
526 _aP133
526 _aP144
526 _aP143
526 _aP87
526 _aP35
526 _aP20
526 _aP14
526 _aP10
526 _aP06
942 _2ddc
_cBOOK
949 _a902.029 B17
_wDEWEY
_c1
_i28027
_lCCODEBUL1
_mBUL
_p00.00
_r0
_sY
_tBOOK
_u2015-06-25
_xBIBLIOTECA
_zUNKNOWN
_0COMPRA
_o.STAFF. Colección General
596 _a1
999 _a902.029 B17
_wDEWEY
_c46438
_i28027
_f2021-11-8
_g5
_lCCODEBUL1
_mBUL
_r0
_sY
_tBOOK
_u2015-6-25
_xBIBLIOTECA
_zUNKNOWN
_0COMPRA
_o.STAFF. Colección General
_d46438
980 _81
_gALBERTO SANCHEZ Responsable de Automatización